Statistics for Hard to Spell Places Quiz

Click here to take the quiz!

General Stats

  • This quiz has been taken 34,968 times
    (22,025 since last reset)
  • The average score is 15 of 21

Answer Stats

Incorrect Correct % Correct
Las AngelousLos Angeles
93%
ArkansawArkansas
92%
ConneticutConnecticut
87%
PhillipinesPhilippines
86%
OttowaOttawa
85%
MinneappelisMinneapolis
82%
CarribeanCaribbean
79%
JohanesbergJohannesburg
78%
MassechussetsMassachusetts
77%
PittsbergPittsburgh
75%
AjerbazianAzerbaijan
74%
MediteranianMediterranean
74%
KhazackstanKazakhstan
69%
TusconTucson
66%
LichenstienLiechtenstein
64%
CincinattiCincinnati
64%
RaykiavickReykjavik
61%
KirgistanKyrgyzstan
55%
AlbacurkeyAlbuquerque
47%
LubjanaLjubljana
45%
TagucegulpaTegucigalpa
41%

Score Distribution

Percentile by Number Answered

Percent of People with Each Score

Your Score History

You have not taken this quiz since the last reset